| 000 | 00547nam a2200169Ia 4500 | ||
|---|---|---|---|
| 003 | LK-CoDNM | ||
| 008 | 140723t133 xxu||||| |||| 00| 1 sin d | ||
| 020 |
_a _a9789552127960 |
||
| 040 |
_aLK-CoDNM _dLK-CoDNM _eLK-CoDNM |
||
| 041 | _asin | ||
| 080 |
_a133.52 _bWIL |
||
| 100 |
_aවිලියම්, ආර්.එච් _vWiliyam,R.H |
||
| 245 | _a2019 සිංහල පඤ්චාඬග ග්රහස්වුථ ලිත | ||
| 246 | _a2019 Sihala Panchanga Graswutha Litha | ||
| 260 |
_bGunasena Publisher _aColombo _c133 |
||
| 942 | _cBK | ||
| 999 |
_c80477 _d80477 |
||